| 000 | 00647nam a2200217 4500 | ||
|---|---|---|---|
| 003 | OSt | ||
| 005 | 20240723081106.0 | ||
| 006 | a | ||
| 008 | 240723b |||||||| |||| 00| 0 eng d | ||
| 020 | _a9789712723971 | ||
| 040 |
_aDWCL-Main lib. _cOC |
||
| 082 | _aFil. 959.9057 P769 2010 | ||
| 245 | _aThe politics of change in the Philippines / | ||
| 260 |
_aPasig City: _bAnvil Pub., Inc., _cc2010. |
||
| 300 |
_avii, _b460 p. ; _c23 cm. |
||
| 650 | _a1. Philippines-Politics and government-1986-. | ||
| 650 | _a2. Political culture-Philippines. | ||
| 700 | _aYuko Kasuya | ||
| 700 | _aNathan Gilbert Quimpo | ||
| 942 |
_2ddc _n0 _cBK - FIL _kFil. |
||
| 999 |
_c2619 _d2619 |
||